000 00269nam a2200109Ia 4500
008 200302s9999 xx 000 0 und d
100 _aPaolo Favole
245 _aThe Story of Modern Architecture
260 _bPrestel Publishing Ltd.
260 _c2012
300 _a142 P.,
999 _c4116
_d4116